000 00964nam a22002651u 4500
001 05785
003 HDC
007 cr bn ---
008 210121p xx fo d 00 engg
040 _aHDC
100 _aYAAKOB B. CHE MAN
_92562
245 0 _aSeminar Pendedahan Kepentingan Halal Malaysia Negeri Kelantan:
_bKEPENTINGAN PENYELIDIKAN & PEMBANGUNAN (R&D) INDUSTRI HALAL
_cby YAAKOB B. CHE MAN
260 _a[No place] :
_b[publisher not identified]
_c2009
300 _a24 pages :
_bIllustrations
336 _atext
_2rdacontent
337 _acomputer
_2rdamedia
338 _aonline resource
_2rdacarrier
650 _aHalal development
_92173
650 _aHalal industry
_9144
650 _aHalal product
_948
856 _zRequest full-text at [email protected]
942 _2lcc
942 _cSLIDE
942 _kSLID 000600
999 _c3109
_d3109